Planets That Have/Had Rings - Statistics

General Stats
  • This quiz has been taken 25 times
  • The average score is 5 of 5
Answer Stats
Hint Answer % Correct
Blue, red & gray Neptune
100%
Yellow, brown & grayish white Saturn
100%
Dark gray & black Uranus
100%
Reddish brown & dark gray Jupiter
96%
Likely dark blue/purple Earth
91%
No matching quizzes found
Score Distribution
Percent of People with Each Score
Percentile by Number Answered
Your Score History
You have not taken this quiz